| 000 | 01225nam a2200217Ia 4500 | ||
|---|---|---|---|
| 003 | OSt | ||
| 005 | 20260223094218.0 | ||
| 008 | 210210b1970 xxu||||| |||| 00| 0 eng d | ||
| 020 | _a425 00816 3 | ||
| 040 | _cAL | ||
| 041 | _aeng | ||
| 082 | _a823.91 CONM | ||
| 100 |
_aArthur Conan Doyle _9256397 |
||
| 245 | _aMemories of Sherlock Holmes | ||
| 260 |
_aNew York. _bBerkley Publishing Corporation _c1970 |
||
| 300 | _a255 | ||
| 520 | _aThe Memoirs of Sherlock Holmes is a collection of captivating detective stories that showcase the brilliant mind of Sherlock Holmes and the unwavering loyalty of his trusted companion, Dr. Watson. Arthur Conan Doyle's masterful storytelling keeps readers engaged as they unravel perplexing mysteries alongside the iconic duo. Twelve thrilling tales filled with suspense, deduction, and unexpected twists. Intricate plots that challenge Holmes's renowned deductive abilities. Memorable characters and intricate character development. A captivating blend of crime, intrigue, and intellectual prowess. A must-have addition to any mystery lover's library, promising hours of immersive reading pleasure. | ||
| 690 |
_aEnglish Fiction _9256398 |
||
| 906 | _a029660 | ||
| 942 |
_2ddc _cBK |
||
| 999 |
_c80873 _d80873 |
||